[Event "Olympiad-43"]
[Site "Batumi"]
[Date "2018.09.24"]
[Round "1.68"]
[White "Rodriguez Vila, Andres"]
[Black "Carapinha, Francisco Manuel"]
[Result "1-0"]
[WhiteElo "2477"]
[BlackElo "1476"]
[PlyCount "55"]
[EventDate "2018.09.24"]
[EventType "team-swiss"]
[EventRounds "11"]
[EventCountry "GEO"]
[SourceTitle "CBM 187"]
[Source "ChessBase"]
[SourceDate "2018.12.11"]
[SourceVersion "1"]
[SourceVersionDate "2018.12.11"]
[SourceQuality "1"]
[WhiteTeam "Uruguay"]
[BlackTeam "Kap Verde"]
[WhiteTeamCountry "URU"]
[BlackTeamCountry "KAP"]

1. e4 e5 2. Nf3 Nc6 3. Bc4 Bc5 4. c3 Nf6 5. d4 exd4 6. cxd4 Bb4+ 7. Nc3 0-0 8. 0-0 Bxc3 9. bxc3 Nxe4 10. d5 Na5 11. Bd3 Re8 12. Qa4 Nc5 13. Bxh7+ Kxh7 14. Qxa5 b6 15. Qb4 Re4 16. Ng5+ Qxg5 17. Bxg5 Rxb4 18. cxb4 Ne4 19. Bf4 Ba6 20. Rfc1 c5 21. dxc6 dxc6 22. Rxc6 Rc8 23. b5 Bb7 24. Rxc8 Bxc8 25. a4 Nc3 26. Be5 Nd5 27. Rc1 Be6 28. Bb8 1-0